Oscary - Najlepszy Film - XXI wiek - Statystyki

Ogólne statystyki
  • Ten quiz został rozwiązany 215 razy
  • Średni wynik to 7 z 20
Statystyki odpowiedzi
Rok Zwycięzca % Poprawnych
2020 Parasite
66%
2019 Green Book
56%
2017 Moonlight
54%
2004 Władca Pierścieni: Powrót Króla
49%
2001 Gladiator
47%
2018 Kształt wody
40%
2015 Birdman
38%
2016 Spotlight
36%
2011 Jak zostać królem
35%
2002 Piękny umysł
31%
2009 Slumdog
31%
2012 Artysta
30%
2008 To nie jest kraj dla starych ludzi
29%
2007 Infiltracja
27%
2010 The Hurt Locker
27%
2014 Zniewolony
27%
2013 Operacja Argo
26%
2003 Chicago
22%
2006 Miasto gniewu
22%
2005 Za wszelką cenę
21%
Nie znaleziono quizów pasujących do podanych kryteriów
Rozkład punktacji
Procent ludzi z każdym wynikiem
Percentyl według liczby udzielonych odpowiedzi
Twoja historia wyników
Nie rozwiązałeś tego quizu